| 000 | 00513nam a2200193Ia 4500 | ||
|---|---|---|---|
| 001 | 57877 | ||
| 008 | 140903n1998 ii |||gr||||Z||||||346 | ||
| 020 | _a81-7612-178-9 | ||
| 082 | _a891.44109 | ||
| 245 | 0 |
_aKabyalok _cSudhir Kumar Dasgupta _hTextual Documents |
|
| 250 | _aIst ed. | ||
| 260 |
_acalcutta _bDeys Publishing _c1998 |
||
| 300 |
_a262pg: _c23cm. |
||
| 653 | _aBengali Poetry-Criticism | ||
| 653 | _aBengali | ||
| 653 | _aMS-Bengali | ||
| 700 |
_aDasgupta,Sudhir Kumar, _eAuthor. |
||
| 942 |
_2ddc _cBK |
||
| 999 |
_c57780 _d57780 |
||